000 01291nam a2200265 a 4500
001 000025898
003 DO-SdBNP
005 20230209102835.0
007 ta
008 110224s2000 dr a 000 0 spa d
040 _aDO-SdBNP
_bspa
_cBNPHU
082 _a269.24
_bC748j
_222
111 2 _aConferencia del episcopado Dominicano.
_eComisión Nacional de Pastoral Universitaria
_d(2000 oct. 28 :
_cSanto Domingo)
_952756
245 1 0 _aJubileo universitario 2000 en la República Dominicana :
_bla Universidad por un nuevo humanismo.
260 _aSanto Domingo :
_bAmigo del Hogar,
_c2000.
300 _a118 p. :
_bil. ;
_c22 cm.
500 _aIncluye notas al pie de páginas
505 _aHimno del jubileo 13|Motivaciones a la celebracion del jubileo 17|Conferencia: Trascendencia del desarrollo de las universidades en República Dominicana 22|Conferencia: La universidad por un nuevo humanismo 51|Celebración eucarística 78|Nuestro compromiso ante el gran jubileo 98|Juramentación graduandos UASD 99|Palabras finales 100
590 _aInventariado, 2023 / DG
650 4 _aCatequesis
_xObras de divulgación
_983094
650 4 _aReligión
_xEnsayos, conferencias, etc
_943726
710 2 _aComisión Nacional de Pastoral Universitaria
_952757
910 _aDG
942 _2ddc
_cLBS1
999 _c25390
_d25390